[Event "San Jose op"]
[Site "San Jose"]
[Date "1998.??.??"]
[Round "5"]
[White "Gomez Anadon, Jorge"]
[Black "Ruiz Gutierrez, C."]
[Result "1-0"]
[WhiteElo "1725"]
[BlackElo "1875"]
[PlyCount "89"]
[EventDate "1998.??.??"]
[EventType "swiss"]
[EventRounds "9"]
[EventCountry "ESP"]
[SourceTitle "EXT 2000"]
[Source "ChessBase"]
[SourceDate "1999.11.16"]
[SourceVersion "1"]
[SourceVersionDate "1999.11.16"]
[SourceQuality "1"]

1. e4 e5 2. Nf3 Nc6 3. Bc4 Be7 4. Nc3 Nf6 5. d4 exd4 6. Nxd4 0-0 7. 0-0 Re8 8. Nf5 Bc5 9. Bg5 d6 10. Ng3 Be6 11. Bb5 a6 12. Bxc6 bxc6 13. Nh5 h6 14. Nxf6+ gxf6 15. Bxh6 Qd7 16. Qf3 Kh7 17. Qxf6 Rg8 18. Qh4 Rg6 19. Be3+ Kg7 20. Bxc5 Rh8 21. Bd4+ f6 22. Qf4 Bc4 23. Qf5 Be6 24. Qf4 Bc4 25. Kh1 c5 26. Bxc5 Bxf1 27. Rxf1 Rxg2 28. Kxg2 Qh3+ 29. Kg1 Rh6 30. Ne2 Rh4 31. Qxh4 Qxh4 32. Ng3 Kf7 33. Be3 c5 34. Rd1 Ke6 35. Rd3 Qg4 36. Kg2 Ke7 37. h3 Qg6 38. Ra3 Qf7 39. Rxa6 Qc4 40. Ra7+ Ke6 41. c3 d5 42. exd5+ Qxd5+ 43. Kh2 Qe5 44. Ra6+ Kd7 45. Ra5 1-0